| 000 | 00493nam a22001697a 4500 | ||
|---|---|---|---|
| 005 | 20251108165828.0 | ||
| 008 | 250721s1994 xx 000 0 ara d | ||
| 082 | 1 | 4 | _aم/598.2/ميخ |
| 100 | 1 |
_aميخائيليو، زويا _eحقق |
|
| 245 | 1 | 0 | _aموسوعة الطيور في العالم / |
| 264 | 1 |
_aدمشق : _bدار علاءالدين، _c1994. |
|
| 300 | _a584ص | ||
| 650 | 1 | 7 | _aالطيور |
| 700 | 1 |
_aشيا، سميح _eترجمة |
|
| 942 |
_2ddc _cREF |
||
| 999 |
_c32352 _d32352 |
||